| 000 | 01489cam a2200361 i 4500 | ||
|---|---|---|---|
| 001 | 24777 | ||
| 003 | Mx-PuUPA | ||
| 005 | 20250310100249.0 | ||
| 008 | 140415s2024 mx grgl 000 0 spa d | ||
| 020 | _a9786075415369 | ||
| 040 |
_aMx-PuUPA _bspa _cMx-PuUPA _dMx-PuUPA _erda |
||
| 041 | 0 | _aspa | |
| 110 | 2 |
_aEdiciones Fiscales ISEF, _96635 _eautor |
|
| 240 | 1 | 0 |
_aObras. _kFiscales. |
| 245 | 1 | 0 |
_aFisco Agenda / _ctítulos en los artículos, referencias y correlaciones por C.P. Efraín Lechuga Santillán |
| 246 | 1 | 4 | _aFisco Agenda 2025. |
| 246 | 3 | 1 | _aFisco Agenda ISEF 2025. |
| 250 |
_a64a. edición / _bdiciembre |
||
| 264 | 1 |
_aMéxico, D.F. : _bEditorial ISEF, _c2024 |
|
| 300 |
_a1 volumen (paginación varía) : _bdiagramas, tablas ; _c20 cm |
||
| 336 |
_2rdacontent _atexto _btxt |
||
| 337 |
_2rdamedia _asin medio _bn |
||
| 338 |
_2rdacarrier _avolumen _bnc |
||
| 500 | _a"Esta edición contiene las disposiciones publicadas hasta la fecha de impresión de este producto". --Portada | ||
| 505 | _a"+50 Casos prácticos ; RMF y más recursos en línea ; Nuevo: Cuadros esquemas ; Más disposiciones".-- Cubierta | ||
| 650 | 7 |
_2armarc _aImpuiestos _vLegislación _zMéxico |
|
| 650 | 7 |
_2armarc _aDerecho fiscal _vLegislación _zMéxico |
|
| 700 | 1 |
_aLechuga Santillán, Efraín, _ecolaborador _910495 |
|
| 942 |
_2ddc _cLI _h343.7204 _iF52 |
||
| 999 |
_c24777 _d24777 |
||